Home Print Resources E-Books E-Journals IIMT Lecture Series Library Membership Form Book Recommendation Form Campus Tour Take AdmissionAbout Us Contact Us

STRATEGIC MANAGEMENT (Record no. 2511)

000 -LEADER
fixed length control field 00352nam a2200157Ia 4500
003 - CONTROL NUMBER IDENTIFIER
control field OSt
005 - DATE AND TIME OF LATEST TRANSACTION
control field 20240109144001.0
008 - FIXED-LENGTH DATA ELEMENTS--GENERAL INFORMATION
fixed length control field 170524s9999 xx 000 0 und d
020 ## - INTERNATIONAL STANDARD BOOK NUMBER
International Standard Book Number 9788126515684
040 ## - CATALOGING SOURCE
Transcribing agency IIMT UNIVERSITY
100 ## - MAIN ENTRY--PERSONAL NAME
Personal name Saloner - Podlny T
100 ## - MAIN ENTRY--PERSONAL NAME
Titles and words associated with a name 2011
245 #0 - TITLE STATEMENT
Title STRATEGIC MANAGEMENT
260 ## - PUBLICATION, DISTRIBUTION, ETC.
Place of publication, distribution, etc. WILEY
942 ## - ADDED ENTRY ELEMENTS (KOHA)
Source of classification or shelving scheme
Koha item type Book Bank
Holdings
Withdrawn status Lost status Source of classification or shelving scheme Damaged status Not for loan Home library Current library Date acquired Coded location qualifier Barcode Date last seen Uniform Resource Identifier Price effective from Koha item type Public note
          IIMT University Central Library Meerut IIMT University Central Library Meerut 06/01/2017 Dept. MBA 01-B-19229 06/01/2017 MANEGEMENT 06/01/2017 Book Bank
          IIMT University Central Library Meerut IIMT University Central Library Meerut 06/01/2017   01-B-19230 06/01/2017 MANEGEMENT 06/01/2017 Book Bank  
          IIMT University Central Library Meerut IIMT University Central Library Meerut 06/01/2017   01-B-19231 06/01/2017 MANEGEMENT 06/01/2017 Book Bank  
          IIMT University Central Library Meerut IIMT University Central Library Meerut 06/01/2017   01-B-19232 06/01/2017 MANEGEMENT 06/01/2017 Book Bank  
          IIMT University Central Library Meerut IIMT University Central Library Meerut 06/01/2017   01-B-19233 06/01/2017 MANEGEMENT 06/01/2017 Book Bank  
IIMT, Central Library. All Rights Reserved IIMT,UNIVERSITY © 2023
Implemented and Customised by I CLOUDE EMS
You Are OPAC Visitor No
free web counter

Powered by Koha